000 00760nam a22002537a 4500
001 BR6007548
003 BR-BrBNA
005 20230928095607.0
007 ta
008 230509b bl.||||| |||| 00| 0 por d
040 _aBR-BrBNA
_bpor
_cBiblioteca Nacional de Agricultura
041 _a(Por)
072 _aE70; L00
_b9700
090 _ 9700 BR6007548
110 1 _aPresidencia da Republica, Rio de Janeiro, GB (Brasil). Conselho de Desenvolvimento
_97909
245 1 _aExportacao de carne e aspectos gerais da economia pecuaria
_bDocumento no. 17
260 3 _aRio de Janeiro, GB (Brasil):
_c1957.
300 _a64 p.
650 _aComercializacao
650 _aExportacao
650 _aCarne
909 _a202309
_bLucia
_c55
_dLucia Elande
942 _cBK
999 _c57493
_d57493